logo

Bir Sreshtho Munshi Abdur Rouf Library
Jhenaidah Cadet College

রণদা প্রসাদ সাহা জীবন ও সাধনা / (Record no. 9723)

MARC details
000 -LEADER
fixed length control field 00704nam a2200229 a 4500
001 - CONTROL NUMBER
JCCL Control Number 972397239723972397239723
003 - CONTROL NUMBER IDENTIFIER
JCCL marc code BD-JhCC
005 - DATE AND TIME OF LATEST TRANSACTION
control field 20180324075935.0
008 - FIXED-LENGTH DATA ELEMENTS--GENERAL INFORMATION
fixed length control field 180324s1999 bg a|||| ||a| 000 0 b d
020 ## - INTERNATIONAL STANDARD BOOK NUMBER
International Standard Book Number 9844101374
035 ## - SYSTEM CONTROL NUMBER
system control number (BD-JhCC)9723
040 ## - CATALOGING SOURCE
Original cataloging agency BD-JhCC
Modifying agency BD-JhCC
041 ## - LANGUAGE CODE
Language code of Book ben
082 ## - DEWEY DECIMAL CLASSIFICATION NUMBER
Classification number 923
Author mark and Year SUL 1999
100 ## - MAIN ENTRY--PERSONAL NAME
Personal name সুলতানা, হেনা
245 ## - TITLE STATEMENT
Title রণদা প্রসাদ সাহা জীবন ও সাধনা /
Statement of responsibility, etc হেনা সুলতানা
260 ## - PUBLICATION, DISTRIBUTION, ETC. (IMPRINT)
Place of publication, distribution, etc ঢাকা:
Name of publisher, distributor, etc মাওলা ব্রাদার্স;
Date of publication, distribution, etc 1999.
300 ## - PHYSICAL DESCRIPTION
Pagination 55 p. :
Dimensions 21 cm.
651 ## - SUBJECT ADDED ENTRY--GEOGRAPHIC NAME
Geographic name Biography
942 ## - ADDED ENTRY ELEMENTS (KOHA)
Source of classification or shelving scheme Dewey Decimal Classification
Koha item type Books
Holdings
Source of classification or shelving scheme Damaged status Not for loan Home library Current library Shelving location Date of accession Cost, normal purchase price Total Checkouts Full call number Barcode Date last seen Copy number Koha item type
Dewey Decimal Classification     JCC Rouf Library JCC Rouf Library General Stacks 03/24/2018 50.00   923 SUL 1999 12513 03/24/2018 C - 1 Books

JCC Library | Contacts | JCC Home

Last Update on 23 September 2017
Copyright @ 2017-2020 JCC Rouf Library
Rouf Library, Jhenidah Cadet College (JCC), Bangladesh